| 000 | 00960nam a22002651u 4500 | ||
|---|---|---|---|
| 001 | 12198 | ||
| 003 | HDC | ||
| 007 | cr bn --- | ||
| 008 | 210209p2002 my eng | ||
| 040 | _aHDC | ||
| 100 |
_aYau, Peng Yam, _eauthor _912653 |
||
| 245 | 0 |
_aBiodegradation of coir waste by microfungi: An electron microscopic study / _cby Yau Peng Yam and Richard James Murphy |
|
| 260 |
_aSerdang : _bMalaysian Agricultural Research and Development Institute (MARDI), _c2002 |
||
| 300 | _a1 page | ||
| 336 |
_atext _2rdacontent |
||
| 337 |
_acomputer _2rdamedia |
||
| 338 |
_aonline resource _2rdacarrier |
||
| 650 |
_aBiodegradation _912655 |
||
| 650 |
_aCoir waste _912654 |
||
| 650 |
_aElectron microscopy _912656 |
||
| 856 | _zRequest full-text at [email protected] | ||
| 942 | _2lcc | ||
| 942 | _cAR | ||
| 942 | _kJART 003038 | ||
| 999 |
_c9521 _d9521 |
||